[Event "ch-RUS Blitz w 2016"]
[Site "Sochi RUS"]
[Date "2016.10.04"]
[Round "18.13"]
[White "Markelova, Lubov"]
[Black "Semenova, Elena1"]
[Result "1/2-1/2"]
[WhiteTitle "WFM"]
[BlackTitle "WIM"]
[WhiteElo "2133"]
[BlackElo "2256"]
[WhiteFideId "24131369"]
[BlackFideId "24125148"]
[EventDate "2016.10.04"]

1. Nf3 Nf6 2. c4 e6 3. Nc3 d5 4. d4 Bb4 5. Qa4+ Nc6 6. e3 O-O 7. Qc2 Ne4 8. Bd3
f5 9. O-O Be7 10. a3 a6 11. Nd2 Bf6 12. f3 Nxc3 13. bxc3 Bg5 14. Nb3 Ne7 15. Bd2
Ng6 16. e4 Bxd2 17. Qxd2 Bd7 18. cxd5 exd5 19. exd5 b6 20. Rae1 Ba4 21. Nc1 Qxd5
22. Ne2 Rae8 23. Nf4 Nxf4 24. Qxf4 Qd7 25. d5 Bb5 26. c4 Ba4 27. c5 Bb5 28. Bxb5
axb5 29. cxb6 cxb6 30. d6 h6 31. Qd4 Rd8 32. Qxb6 Qxd6 33. Qxd6 Rxd6 34. Re7 Rf7
35. Re8+ Kh7 36. Rb1 Ra6 37. Re3 Rfa7 38. Rxb5 Rxa3 39. Rxa3 Rxa3 40. Rxf5 Kg6
41. Rb5 Ra2 42. h3 Kf6 43. Kh2 g6 44. h4 h5 45. Kg3 Rc2 46. Ra5 Rb2 47. Ra6+ Kf5
48. Ra8 Rc2 49. Rf8+ Ke6 50. Rg8 Kf7 51. Ra8 Rb2 52. Ra6 Rc2 53. Kh3 Rd2 54. g4
hxg4+ 55. fxg4 Rd3+ 56. Kg2 Rc3 57. g5 Kg7 58. Re6 Rb3 59. Kf2 Rh3 60. Re7+ Kg8
61. Re4 Kg7 62. Kg2 Ra3 63. Rf4 Rb3 64. Rf3 Rb4 65. Kg3 Ra4 66. Rf4 Ra3+ 67. Kg4
Rb3 68. h5 gxh5+ 69. Kxh5 Rh3+ 70. Kg4 Rh1 71. Kf5 Ra1 72. Re4 Ra5+ 73. Kg4 Rb5
74. Kh5 Rb7 75. Re6 Rc7 76. Re5 Ra7 77. Rf5 Rb7 78. g6 Rc7 79. Kg5 Rb7 80. Rd5
Ra7 81. Re5 Rb7 1/2-1/2

[Event "ch-RUS Blitz w 2016"]
[Site "Sochi RUS"]
[Date "2016.10.04"]
[Round "18.15"]
[White "Diakonova, Ekaterina"]
[Black "Komiagina, Maria"]
[Result "0-1"]
[BlackTitle "WIM"]
[WhiteElo "2321"]
[BlackElo "2247"]
[WhiteFideId "24172936"]
[BlackFideId "4153987"]
[EventDate "2016.10.04"]

1. e4 c5 2. Nf3 Nc6 3. Bb5 e6 4. O-O Nge7 5. Re1 a6 6. Bf1 Ng6 7. c3 Be7 8. d4
cxd4 9. cxd4 d6 10. Nc3 O-O 11. Be3 d5 12. e5 Bd7 13. a3 Rc8 14. Rc1 Na5 15. Nd2
f6 16. Bd3 f5 17. f4 b5 18. Be2 Nc4 19. Nxc4 bxc4 20. b4 a5 21. Rb1 Rb8 22. Na2
Qc7 23. Bd2 axb4 24. axb4 Ra8 25. Ra1 Ba4 26. Qc1 Qb6 27. Nc3 Bb3 28. b5 Rxa1
29. Qxa1 Qxd4+ 30. Kh1 Qxd2 31. g3 Bb4 32. Rc1 Bxc3 33. Rxc3 Qxe2 0-1

[Event "ch-RUS Blitz w 2016"]
[Site "Sochi RUS"]
[Date "2016.10.04"]
[Round "19.1"]
[White "Charochkina, Daria"]
[Black "Pogonina, Natalija"]
[Result "1/2-1/2"]
[WhiteTitle "IM"]
[BlackTitle "WGM"]
[WhiteElo "2366"]
[BlackElo "2484"]
[WhiteFideId "4180917"]
[BlackFideId "4147855"]
[EventDate "2016.10.04"]

1. c4 e5 2. Nc3 Nf6 3. g3 d5 4. cxd5 Nxd5 5. Bg2 Nb6 6. e3 Bd6 7. Nge2 O-O 8.
O-O Nc6 9. f4 exf4 10. Nxf4 Ne7 11. d4 Ng6 12. e4 Nxf4 13. gxf4 Qh4 14. Qf3 Bg4
15. Qg3 Qxg3 16. hxg3 c6 17. Be3 Nc4 18. Bf2 Rad8 19. b3 Bb4 20. Rac1 Nd2 21.
Rfe1 Nf3+ 22. Bxf3 Bxf3 23. Re3 Bg4 24. Rd3 f5 25. e5 Rfe8 26. Kg2 Bxc3 27.
Rcxc3 Rd5 28. Rc5 1/2-1/2

[Event "ch-RUS Blitz w 2016"]
[Site "Sochi RUS"]
[Date "2016.10.04"]
[Round "19.2"]
[White "Bodnaruk, Anastasia"]
[Black "Pustovoitova, Daria"]
[Result "1-0"]
[WhiteTitle "IM"]
[BlackTitle "FM"]
[WhiteElo "2463"]
[BlackElo "2386"]
[WhiteFideId "4181751"]
[BlackFideId "4182146"]
[EventDate "2016.10.04"]

1. e4 e6 2. d4 d5 3. Nc3 Bb4 4. e5 Ne7 5. a3 Bxc3+ 6. bxc3 b6 7. Qg4 Ng6 8. h4
h5 9. Qd1 Ba6 10. Bxa6 Nxa6 11. Bg5 Qd7 12. Ne2 Ne7 13. Nf4 g6 14. Bf6 Rg8 15.
g4 hxg4 16. Qxg4 O-O-O 17. a4 Nb8 18. a5 Nbc6 19. axb6 cxb6 20. Nd3 Kb7 21. Kd2
Rb8 22. Rhb1 Ka8 23. Qd1 Nf5 24. Qc1 Rgc8 25. Ra3 Qc7 26. Ke2 Na5 27. Rb4 Nc4
28. Ra2 a5 29. Qa1 Rb7 30. Rb5 Kb8 31. Qb1 Qd7 32. Ra1 Qe8 33. Nc5 Ra7 34. Rxb6+
Nxb6 35. Qxb6+ Ka8 36. Rxa5 Rc7 37. Qxc7 1-0

[Event "ch-RUS Blitz w 2016"]
[Site "Sochi RUS"]
[Date "2016.10.04"]
[Round "19.3"]
[White "Goryachkina, Aleksandra"]
[Black "Tomilova, Elena"]
[Result "1-0"]
[WhiteTitle "WGM"]
[BlackTitle "WIM"]
[WhiteElo "2460"]
[BlackElo "2309"]
[WhiteFideId "4147103"]
[BlackFideId "4162340"]
[EventDate "2016.10.04"]

1. d4 d5 2. c4 c6 3. cxd5 cxd5 4. Bf4 Nc6 5. e3 Nf6 6. Nc3 Bg4 7. Qb3 Na5 8.
Qa4+ Bd7 9. Qc2 e6 10. Bd3 Rc8 11. Nf3 Bb4 12. O-O O-O 13. h3 Qe7 14. Ne5 a6 15.
Nxd7 Qxd7 16. Be5 Ne4 17. Bxe4 dxe4 18. Qxe4 Bxc3 19. bxc3 Rxc3 20. Rac1 Rxc1
21. Rxc1 f6 22. Rc7 Qd5 23. Qxd5 exd5 24. Bd6 Rd8 25. Bb4 Nc6 26. Bc5 Rb8 27. a4
Na5 28. Bb6 Nc6 29. a5 Nb4 30. Kf1 Nc6 31. Ke2 Nd8 32. Rd7 Nc6 33. Rxd5 Rc8 34.
Rd7 Nb4 35. Rxb7 Rc2+ 36. Kf3 Nd3 37. d5 Rxf2+ 38. Ke4 Rd2 39. d6 Nf2+ 1-0

[Event "ch-RUS Blitz w 2016"]
[Site "Sochi RUS"]
[Date "2016.10.04"]
[Round "19.4"]
[White "Drozdova, Dina"]
[Black "Girya, Olga"]
[Result "0-1"]
[WhiteTitle "WIM"]
[BlackTitle "WGM"]
[WhiteElo "2242"]
[BlackElo "2446"]
[WhiteFideId "4170695"]
[BlackFideId "4195752"]
[EventDate "2016.10.04"]

1. d4 d5 2. c4 c6 3. cxd5 cxd5 4. Nc3 Nf6 5. Nf3 Nc6 6. Bf4 Bf5 7. e3 e6 8. Qb3
Bb4 9. Bb5 O-O 10. Bxc6 Bxc3+ 11. bxc3 bxc6 12. O-O Ne4 13. Rfc1 g5 14. Bg3 h5
15. h4 g4 16. Ne5 Nxg3 17. fxg3 Qc7 18. Qa4 Rac8 19. c4 f6 20. cxd5 fxe5 21.
dxc6 exd4 22. Qxd4 Qxg3 23. Rc3 Qxh4 24. e4 g3 25. Rac1 Qh2+ 26. Kf1 Bxe4+ 27.
Ke1 Qh1+ 0-1

[Event "ch-RUS Blitz w 2016"]
[Site "Sochi RUS"]
[Date "2016.10.04"]
[Round "19.6"]
[White "Belova, Olga"]
[Black "Nebolsina, Vera"]
[Result "0-1"]
[WhiteTitle "WFM"]
[BlackTitle "WGM"]
[WhiteElo "2035"]
[BlackElo "2219"]
[WhiteFideId "4138422"]
[BlackFideId "4163591"]
[EventDate "2016.10.04"]

1. e4 g6 2. d4 Bg7 3. Nc3 d6 4. Be3 a6 5. a4 b6 6. f3 Bb7 7. Qd2 Nd7 8. Nh3 e6
9. Nf2 h6 10. Bc4 Ne7 11. Ng4 g5 12. h4 gxh4 13. Rxh4 Nf5 14. Rh1 Nxe3 15. Qxe3
h5 16. Nf2 Qf6 17. Ne2 c5 18. c3 O-O-O 19. Qd3 Nb8 20. O-O-O d5 21. Ba2 c4 22.
Qc2 Rdg8 23. e5 Qg5+ 24. f4 Qxg2 25. Nh3 Bh6 26. Rdg1 Qe4 27. Qxe4 dxe4 28. Bxc4
e3 29. Rxg8+ Rxg8 30. Rg1 Rg4 31. Bd3 Bg2 32. Rxg2 Rxg2 33. Nhg1 h4 34. Be4 Rf2
35. Bd3 Bxf4 36. Nh3 Rf1+ 37. Kc2 Bh6 38. Be4 f5 0-1

[Event "ch-RUS Blitz w 2016"]
[Site "Sochi RUS"]
[Date "2016.10.04"]
[Round "19.7"]
[White "Severina, Maria"]
[Black "Ambartsumova, Karina"]
[Result "1/2-1/2"]
[WhiteTitle "WIM"]
[BlackTitle "WGM"]
[WhiteElo "2232"]
[BlackElo "2280"]
[WhiteFideId "4116909"]
[BlackFideId "4166299"]
[EventDate "2016.10.04"]

1. Nf3 d5 2. g3 c5 3. Bg2 Nc6 4. O-O e5 5. d3 Nf6 6. Nbd2 Be7 7. e4 d4 8. a4 O-O
9. Nc4 Nd7 10. Ne1 Rb8 11. f4 f6 12. Nf3 Qc7 13. Bh3 Nb6 14. Bxc8 Rbxc8 15. Nxb6
Qxb6 16. b3 exf4 17. Bxf4 Qd8 18. Qe2 Bd6 19. Bxd6 Qxd6 20. Nd2 Qe6 21. Nc4 Rce8
22. Qg2 Ne5 23. Nxe5 Qxe5 24. Rf5 Qe7 25. Raf1 g6 26. R5f2 b6 27. Rf4 Kg7 28.
Qf2 Qe5 29. Qg2 a6 30. R4f2 Re6 31. Qf3 Rc8 32. Qf4 Qxf4 33. gxf4 Re7 34. Kg2
Rb7 35. Ra1 Rbc7 36. h4 Rc6 37. f5 Kf7 38. fxg6+ hxg6 39. Kg3 Re6 40. Kg4 Re5
41. Raf1 Rc6 42. Rf3 Kg7 43. R1f2 Rh5 44. Kg3 Re5 45. Rf4 b5 46. axb5 axb5 47.
Rf1 c4 48. bxc4 bxc4 49. Ra1 cxd3 50. cxd3 Rc3 51. Ra7+ Kh6 52. Rf3 f5 53. exf5
Rxf5 54. Rxf5 gxf5 55. Kf4 Rxd3 56. Kxf5 Rd1 57. Rd7 d3 58. Ke4 Re1+ 59. Kf3 Rd1
60. Ke3 Kh5 61. Rxd3 Rxd3+ 62. Kxd3 Kxh4 63. Ke4 1/2-1/2

[Event "ch-RUS Blitz w 2016"]
[Site "Sochi RUS"]
[Date "2016.10.04"]
[Round "19.8"]
[White "Gritsayeva, Oksana"]
[Black "Sukhareva, Evgeniya"]
[Result "1/2-1/2"]
[WhiteTitle "WFM"]
[WhiteElo "2321"]
[BlackElo "2151"]
[WhiteFideId "14104652"]
[BlackFideId "4167155"]
[EventDate "2016.10.04"]

1. e4 c5 2. Nf3 e6 3. c4 Qc7 4. Be2 d6 5. O-O Nf6 6. Nc3 a6 7. d4 cxd4 8. Nxd4
Nbd7 9. Be3 b6 10. Rc1 Bb7 11. f3 Rc8 12. b3 Be7 13. Qd2 O-O 14. Rfd1 Rfd8 15.
Qe1 Bf8 16. Qh4 Qb8 17. Bf1 Ba8 18. Rc2 Rc7 19. Nce2 Rdc8 20. Rcd2 b5 21. cxb5
axb5 22. Ng3 Rc3 23. Bf2 b4 24. Nh5 Nxh5 25. Qxh5 d5 26. exd5 Bxd5 27. Ne2 Rc2
28. Qg5 Nf6 29. Nd4 Rxd2 30. Qxd2 Bc5 31. Rc1 Bd6 32. Rxc8+ Qxc8 33. Bd3 Qb8 34.
h3 Qa8 35. Qc2 g6 36. Nb5 Be5 37. Nc7 Qb8 38. Nxd5 Nxd5 39. Qc5 Nf4 40. Bc4 h5
41. Bd4 Bxd4+ 42. Qxd4 Qc7 43. Kf2 e5 44. Qe3 Qd6 45. h4 Kh7 46. g3 Ne6 47. Bxe6
Qxe6 48. Qe4 Qd6 49. Ke2 Kg7 50. Qd3 Qe6 51. Qe4 Qa6+ 52. Ke3 Qb6+ 53. Ke2 Qd6
54. Qd3 Qe6 55. Qe4 1/2-1/2

[Event "ch-RUS Blitz w 2016"]
[Site "Sochi RUS"]
[Date "2016.10.04"]
[Round "19.9"]
[White "Potapova, Margarita"]
[Black "Baraeva, Marina"]
[Result "1-0"]
[WhiteTitle "WFM"]
[BlackTitle "WIM"]
[WhiteElo "2060"]
[BlackElo "2173"]
[WhiteFideId "14126869"]
[BlackFideId "24142573"]
[EventDate "2016.10.04"]

1. d4 d5 2. Bf4 Nf6 3. e3 c5 4. Nc3 Nc6 5. Nb5 Qa5+ 6. c3 Kd7 7. Nf3 cxd4 8.
Nbxd4 Nxd4 9. exd4 e6 10. Ne5+ Ke8 11. Qb3 a6 12. Bd3 Be7 13. O-O Kf8 14. c4
dxc4 15. Nxc4 Qd8 16. Nb6 Bd7 17. Nxa8 Qxa8 18. Rac1 Bc6 19. Bg5 h6 20. Bxf6
Bxf6 21. Bc4 b5 22. Bxe6 fxe6 23. Qxe6 Bb7 24. Rc7 Qe8 25. Qxe8+ Kxe8 26. Rxb7
g5 27. Rb8+ Kd7 28. Rxh8 Bxh8 29. g3 Kd6 30. Rd1 Kd5 31. Kg2 Bxd4 32. b3 Kc5 33.
f4 gxf4 34. gxf4 Kd5 35. Kf3 a5 36. f5 Ke5 37. Kg4 Bc5 38. Re1+ Kf6 39. Re6+ Kf7
40. Rxh6 a4 41. bxa4 bxa4 42. Ra6 a3 43. h4 Bb4 44. h5 Kg7 45. Ra4 Bd6 46. Kg5
Be7+ 47. Kg4 Bc5 48. Rc4 Bd6 49. Rc6 Bb4 50. Rg6+ Kf7 51. h6 Bc3 52. h7 Ke7 53.
Rg8 1-0

[Event "ch-RUS Blitz w 2016"]
[Site "Sochi RUS"]
[Date "2016.10.04"]
[Round "19.10"]
[White "Makarenko, Alexandra"]
[Black "Komiagina, Maria"]
[Result "0-1"]
[WhiteTitle "WFM"]
[BlackTitle "WIM"]
[WhiteElo "2243"]
[BlackElo "2247"]
[WhiteFideId "4165055"]
[BlackFideId "4153987"]
[EventDate "2016.10.04"]

1. e4 c5 2. Nf3 Nc6 3. d4 cxd4 4. Nxd4 Nf6 5. Nc3 d6 6. Bg5 e6 7. Qd2 a6 8.
O-O-O h6 9. Bxf6 Qxf6 10. Nb3 Qd8 11. f4 Be7 12. Be2 Bd7 13. Kb1 b5 14. Bf3 Rc8
15. Rhe1 O-O 16. e5 d5 17. f5 b4 18. Na4 Nb8 19. f6 gxf6 20. exf6 Bxf6 21. Nac5
Bg7 22. Qf4 a5 23. Nd3 a4 24. Nbc5 a3 25. Nxd7 Nxd7 26. Bh5 axb2 27. Nxb2 Qc7
28. Qxc7 Rxc7 29. Rd3 Nf6 30. Bf3 Rfc8 31. Rc1 Nd7 32. Rb3 Bc3 33. Nd3 Bd2 34.
Rd1 Rxc2 35. Nxb4 Bxb4 36. Rxb4 Ne5 37. a4 R2c4 38. Rd4 Rxd4 39. Rxd4 Nc4 40.
Ka2 Ra8 41. Kb3 Rb8+ 42. Kc3 Ne5 43. Be2 Nc6 44. Rg4+ Kf8 45. Bb5 Ne5 46. Rg3
Ke7 47. Kb4 Kd6 48. Re3 Nc6+ 49. Ka3 e5 50. Bxc6 Kxc6 51. Rxe5 Kc5 52. Re7 f5
53. Re6 Kc4 54. Rxh6 d4 55. Rh3 d3 56. Rh7 d2 57. Rc7+ Kd3 58. Rd7+ Kc2 59. Rc7+
Kb1 60. Rd7 Kc1 61. Rc7+ Kd1 62. a5 Rb5 63. Ka4 Rd5 64. a6 Ke2 65. Re7+ Kf2 66.
a7 d1=Q+ 67. Kb4 Qd2+ 68. Ka3 Qc3+ 69. Ka2 Ra5+ 70. Kb1 Ra1# 0-1

[Event "ch-RUS Blitz w 2016"]
[Site "Sochi RUS"]
[Date "2016.10.04"]
[Round "19.11"]
[White "Travkina, Anastasia"]
[Black "Nechaeva, Marina"]
[Result "0-1"]
[WhiteTitle "WFM"]
[BlackTitle "IM"]
[WhiteElo "2292"]
[BlackElo "2428"]
[WhiteFideId "24129151"]
[BlackFideId "4149351"]
[EventDate "2016.10.04"]

1. e4 c6 2. d4 d5 3. Nc3 dxe4 4. Nxe4 Bf5 5. Ng3 Bg6 6. N1e2 Nd7 7. h4 h6 8. Nf4
Bh7 9. Bc4 e6 10. Ngh5 Nb6 11. Bb3 Nf6 12. O-O Nxh5 13. Qxh5 g6 14. Qg4 Nd5 15.
Nxd5 cxd5 16. Ba4+ Ke7 17. Re1 Bg7 18. Bb3 Kf8 19. Re3 Rc8 20. c3 Bf6 21. Rf3
Kg7 22. Qf4 Bg8 23. Rh3 g5 24. hxg5 hxg5 25. Qg3 Rxh3 26. Qxh3 Bh7 27. Be3 Bg6
28. Qg3 Be7 29. f3 f6 30. Kf2 Bd6 31. Qh3 Qe7 32. Qh1 Rh8 33. Qf1 Qc7 34. Qb5
Bg3+ 35. Ke2 a6 36. Qa4 Rh2 37. Rg1 Bd6 38. c4 dxc4 39. Qxc4 Bf7 40. Qxc7 Bxc7
41. Rc1 Bd6 42. Kf2 Rh8 43. Rc4 Rd8 44. Rc1 Bb8 45. Rh1 Ba7 46. Rd1 Kf8 47. g3
Ke7 48. f4 gxf4 49. Bxf4 e5 50. Be3 Bxb3 51. axb3 Ke6 52. d5+ Rxd5 53. Rc1 Bxe3+
54. Kxe3 Rb5 55. Rc3 Kf5 56. Kf2 Kg5 57. Kg2 f5 58. Kf3 e4+ 59. Kg2 Rd5 60. Rc7
Rd2+ 61. Kh3 Rxb2 62. Rg7+ Kf6 63. Rxb7 e3 64. Rb6+ Ke5 65. Rxa6 Rxb3 66. Ra5+
Ke4 67. Ra4+ Kd3 68. Kg2 Rb2+ 69. Kf1 Rf2+ 70. Ke1 Rg2 71. Ra3+ Ke4 72. Ra4+ Ke5
73. Ra5+ Kf6 74. Ra3 Rxg3 75. Ke2 f4 76. Ra5 Rg2+ 77. Kf3 Rf2+ 78. Ke4 e2 79.
Ra1 Rf1 80. Kd4 0-1

[Event "ch-RUS Blitz w 2016"]
[Site "Sochi RUS"]
[Date "2016.10.04"]
[Round "19.12"]
[White "Pavlova, Natalia"]
[Black "Vasilevich, Tatjana"]
[Result "0-1"]
[BlackTitle "IM"]
[WhiteElo "1990"]
[BlackElo "2372"]
[WhiteFideId "24135615"]
[BlackFideId "14101610"]
[EventDate "2016.10.04"]

1. Nf3 d5 2. g3 b5 3. Bg2 Bb7 4. d4 Nf6 5. O-O e6 6. b3 Be7 7. Bb2 O-O 8. Nbd2
c5 9. dxc5 Bxc5 10. a4 a6 11. axb5 axb5 12. Rxa8 Bxa8 13. Ne5 Nbd7 14. Ndf3 Qb6
15. Qd3 Rd8 16. Nxd7 Nxd7 17. Ng5 Nf8 18. h4 f6 19. Nf3 e5 20. Qf5 Bb7 21. h5
Bc8 22. Qd3 e4 23. Qc3 exf3 24. Bxf3 Ne6 25. h6 Bd4 0-1

[Event "ch-RUS Blitz w 2016"]
[Site "Sochi RUS"]
[Date "2016.10.04"]
[Round "19.13"]
[White "Semenova, Elena1"]
[Black "Shaydullina, Sandugach"]
[Result "0-1"]
[WhiteTitle "WIM"]
[BlackTitle "WGM"]
[WhiteElo "2256"]
[BlackElo "2142"]
[WhiteFideId "24125148"]
[BlackFideId "4140389"]
[EventDate "2016.10.04"]

1. e4 c5 2. Nf3 Nc6 3. Bb5 d6 4. d4 cxd4 5. Qxd4 Qa5+ 6. Nc3 Qxb5 7. Nxb5 Nxd4
8. Nfxd4 Kd8 9. c4 Nf6 10. Nc3 a6 11. f3 g6 12. Be3 Bg7 13. O-O-O Nd7 14. Kb1 e6
15. Na4 Ke7 16. Nb3 b5 17. cxb5 axb5 18. Nb6 Nxb6 19. Bxb6 Ra6 20. Be3 Bd7 21.
Rd2 Rc8 22. Rhd1 b4 23. Bg5+ f6 24. Bf4 e5 25. Be3 Be6 26. Nc1 Rac6 27. Ne2 f5
28. Bg5+ Kd7 29. Be3 Ra8 30. b3 Rca6 31. Nc1 Rc8 32. Nd3 Ke7 33. Nxb4 Ra3 34.
Rxd6 Rc3 35. Nc6+ Kf8 36. Rxe6 Rxe3 37. Rd8+ Kf7 38. Re7+ Kf6 39. Rd6+ Kg5 40.
Rxg7 Re2 41. Nb4 fxe4 42. fxe4 Rxe4 43. Rb6 Re2 44. Rc7 Rxg2 45. Rc2 Rg1+ 46.
Kb2 Ra8 47. Re6 Kf5 48. Re7 Rg4 49. Rf2+ Kg5 50. Rxe5+ Kh6 51. Nc2 Rd8 52. Ree2
Rd3 53. Rg2 Rh4 54. Re7 Rf4 55. Rg3 Rd2 56. Rh3+ Kg5 57. Kc3 Rff2 58. Rg3+ Kf6
59. Rf3+ Rxf3+ 60. Kxd2 Kxe7 61. Nd4 Rf2+ 62. Kd3 Rxa2 63. h4 Kd6 64. b4 Ra3+
65. Ke4 Rf3 66. Nxf3 Kc6 67. Kf4 Kb5 68. Kg4 h6 0-1

[Event "ch-RUS Blitz w 2016"]
[Site "Sochi RUS"]
[Date "2016.10.04"]
[Round "19.14"]
[White "Vasilevich, Irina"]
[Black "Gvanceladze, Anna"]
[Result "1-0"]
[WhiteTitle "IM"]
[BlackTitle "WFM"]
[WhiteElo "2285"]
[BlackElo "2223"]
[WhiteFideId "4141296"]
[BlackFideId "4113721"]
[EventDate "2016.10.04"]

1. b3 d5 2. Bb2 Nf6 3. d3 Bf5 4. Nd2 e6 5. a3 Be7 6. e3 O-O 7. Be2 a5 8. g4 Bg6
9. h4 h6 10. f4 c5 11. g5 hxg5 12. hxg5 Nfd7 13. Bh5 Nc6 14. Bxg6 fxg6 15. Qg4
Kf7 16. Ngf3 Rh8 17. O-O-O Bd6 18. Rxh8 Qxh8 19. Rf1 Qh5 20. Qg2 Rh8 21. a4 Qh3
22. Qe2 Rh7 23. e4 d4 24. f5 gxf5 25. exf5 exf5 26. g6+ Kxg6 27. Qe6+ Nf6 28.
Qxd6 Rh5 29. Rg1+ Kh6 30. Qf8 Ng4 31. Qxc5 Qh1 32. Bxd4 Nxd4 33. Qxd4 Qh3 34.
Qf4+ Kh7 35. Ng5+ Rxg5 36. Qxg5 g6 37. Re1 1-0

[Event "ch-RUS Blitz w 2016"]
[Site "Sochi RUS"]
[Date "2016.10.04"]
[Round "19.15"]
[White "Sazonova, Anastasia"]
[Black "Markelova, Lubov"]
[Result "1-0"]
[WhiteTitle "WFM"]
[BlackTitle "WFM"]
[WhiteElo "2115"]
[BlackElo "2133"]
[WhiteFideId "24131008"]
[BlackFideId "24131369"]
[EventDate "2016.10.04"]

1. d4 d5 2. c4 c6 3. Nf3 Nf6 4. Nbd2 Bf5 5. Nh4 Bg6 6. Qb3 Qb6 7. Qh3 Nbd7 8.
Nxg6 fxg6 9. c5 Qc7 10. b4 O-O-O 11. Nf3 Kb8 12. Ng5 e5 13. Ne6 Qc8 14. Nxd8
Qxd8 15. Bb2 e4 16. O-O-O Be7 17. Qb3 Ng4 18. Qg3+ Qc7 19. Qxg4 Nf6 20. Qg3 Nh5
21. Qxc7+ Kxc7 22. Kc2 Rf8 23. f3 e3 24. Bc1 Bg5 25. g3 Re8 26. Kd3 Nf6 27. Bg2
Bh6 28. h3 a5 29. bxa5 Ra8 30. Bxe3 Rxa5 31. Bxh6 gxh6 32. Rd2 Ra3+ 33. Kc2
Rxa2+ 34. Kc3 Ra3+ 35. Kb2 Ra4 36. Ra1 Rb4+ 37. Kc1 Nh5 38. g4 Nf4 39. Bf1 Rb3
40. Rb1 Rc3+ 41. Kd1 Ne6 42. Rc1 Ra3 43. Ke1 Ra4 44. e3 Ra3 45. Kf2 h5 46. Rb2
hxg4 47. hxg4 Nd8 48. Rcb1 Rc3 49. Rb3 Rc2+ 50. Kg3 Ra2 51. R1b2 Ra1 52. Bg2 Re1
53. e4 dxe4 54. fxe4 Rd1 55. d5 Rc1 56. dxc6 bxc6 57. Ra2 Rxc5 58. Ra7+ Kd6 59.
Rd3+ Ke5 60. Rxd8 1-0

[Event "ch-RUS Blitz w 2016"]
[Site "Sochi RUS"]
[Date "2016.10.04"]
[Round "20.1"]
[White "Pogonina, Natalija"]
[Black "Charochkina, Daria"]
[Result "1-0"]
[WhiteTitle "WGM"]
[BlackTitle "IM"]
[WhiteElo "2484"]
[BlackElo "2366"]
[WhiteFideId "4147855"]
[BlackFideId "4180917"]
[EventDate "2016.10.04"]

1. d4 f5 2. c4 Nf6 3. Nc3 e6 4. Bf4 Bb4 5. Qc2 O-O 6. e3 b6 7. Bd3 Bb7 8. f3 c5
9. Ne2 Nc6 10. a3 Bxc3+ 11. bxc3 Rc8 12. O-O Na5 13. dxc5 bxc5 14. Bd6 Rf7 15.
Rab1 Ne8 16. Bg3 d5 17. cxd5 Qxd5 18. c4 Qd8 19. Rfd1 Qe7 20. Nc3 Nc6 21. Be2
Ba8 22. Nb5 e5 23. Nc3 Nc7 24. Nd5 Qe8 25. Bd3 g6 26. Qc3 Qe6 27. Bc2 Re8 28.
Ba4 f4 29. Bxc6 Bxc6 30. Nxc7 Rxc7 31. exf4 exf4 32. Bxf4 Rf7 33. Rd6 Qe2 34.
Rxc6 Rxf4 35. Rc7 Qe3+ 36. Qxe3 Rxe3 37. Rxa7 Rc3 38. Rb8+ Rf8 39. Rbb7 Rxc4 40.
Rg7+ 1-0

[Event "ch-RUS Blitz w 2016"]
[Site "Sochi RUS"]
[Date "2016.10.04"]
[Round "20.2"]
[White "Pustovoitova, Daria"]
[Black "Bodnaruk, Anastasia"]
[Result "0-1"]
[WhiteTitle "FM"]
[BlackTitle "IM"]
[WhiteElo "2386"]
[BlackElo "2463"]
[WhiteFideId "4182146"]
[BlackFideId "4181751"]
[EventDate "2016.10.04"]

1. d4 Nf6 2. c4 g6 3. g3 Bg7 4. Bg2 O-O 5. Nc3 d6 6. Nf3 Nc6 7. O-O a6 8. Qd3
Re8 9. d5 Nb4 10. Qb1 a5 11. a3 Na6 12. b4 Bf5 13. Qb3 axb4 14. axb4 Nc5 15.
Rxa8 Nxb3 16. Rxd8 Rxd8 17. Be3 Ne4 18. Nb5 Nc3 19. Nxc7 Nxe2+ 20. Kh1 Rc8 21.
Bb6 Bd3 22. c5 Nc3 23. Re1 Na4 24. Rxe7 Bf8 25. cxd6 Nxb6 26. Ne5 Bf5 27. g4 Bc2
28. Kg1 Nd4 29. Bf1 Ba4 30. Bd3 Bxe7 31. dxe7 Rxc7 32. d6 Rc1+ 33. Kg2 Be8 34.
g5 Nf5 35. Bxf5 gxf5 36. Kf3 Rd1 37. Kf4 Rxd6 38. Kxf5 Re6 39. Ng4 Nd7 0-1

[Event "ch-RUS Blitz w 2016"]
[Site "Sochi RUS"]
[Date "2016.10.04"]
[Round "20.3"]
[White "Tomilova, Elena"]
[Black "Goryachkina, Aleksandra"]
[Result "1/2-1/2"]
[WhiteTitle "WIM"]
[BlackTitle "WGM"]
[WhiteElo "2309"]
[BlackElo "2460"]
[WhiteFideId "4162340"]
[BlackFideId "4147103"]
[EventDate "2016.10.04"]

1. c4 Nf6 2. g3 e6 3. Bg2 d5 4. Nf3 dxc4 5. Qa4+ Bd7 6. Qxc4 c5 7. O-O Nc6 8. d4
cxd4 9. Nxd4 Rc8 10. Nxc6 Bxc6 11. Bxc6+ Rxc6 12. Qa4 a6 13. Nc3 Be7 14. Rd1 Qc8
15. Bf4 O-O 16. Qb3 b5 17. a3 h6 18. e4 Qb7 19. e5 Nd7 20. Re1 Nc5 21. Qd1 Rd8
22. Qg4 Kh8 23. Qh5 Kg8 24. Qg4 Kh8 25. Qh5 Kg8 26. Qg4 Kh8 27. Qh5 1/2-1/2

[Event "ch-RUS Blitz w 2016"]
[Site "Sochi RUS"]
[Date "2016.10.04"]
[Round "20.4"]
[White "Girya, Olga"]
[Black "Drozdova, Dina"]
[Result "1/2-1/2"]
[WhiteTitle "WGM"]
[BlackTitle "WIM"]
[WhiteElo "2446"]
[BlackElo "2242"]
[WhiteFideId "4195752"]
[BlackFideId "4170695"]
[EventDate "2016.10.04"]

1. d4 g6 2. Nf3 Bg7 3. e4 d6 4. c3 Nf6 5. Bd3 O-O 6. O-O Nbd7 7. Qc2 e5 8. Re1
c6 9. Nbd2 Qc7 10. dxe5 dxe5 11. Nc4 b5 12. Ncd2 Re8 13. a4 bxa4 14. Qxa4 Nc5
15. Qc2 Nxd3 16. Qxd3 a5 17. Qc2 Ba6 18. Nb3 Bc8 19. Be3 Bg4 20. Nfd2 Nd7 21.
Nc4 Be6 22. Nbxa5 Reb8 23. b4 Bf8 24. Rad1 c5 25. bxc5 Rxa5 26. Nxa5 Qxa5 27. c6
Nc5 28. Rb1 Rc8 29. h3 Rxc6 30. Rb8 Rc8 31. Reb1 Qc7 32. Rxc8 Qxc8 33. Kh2 Nd7
34. Qb2 Qc6 35. f3 h5 36. Rc1 Bc5 37. Bxc5 Qxc5 38. Qd2 Kg7 39. Rd1 Nf6 40. Rb1
Qc7 41. Rc1 h4 42. c4 Qc5 43. Qc3 Nh5 44. Qe1 g5 45. Rc3 Nf4 46. Qe3 Qxe3 47.
Rxe3 Bxc4 48. Ra3 Be6 49. Kg1 Bc4 50. Ra5 f6 51. Ra7+ Kg6 52. Rc7 Bb5 53. Rb7
Bd3 54. Rd7 Bc4 55. Rc7 Be6 56. Ra7 Bf7 57. Ra6 Bc4 58. Rc6 Bf7 59. Rb6 Kg7 60.
Rb7 Kg6 61. Rb6 Be8 62. Rb7 Ne2+ 63. Kf2 Nf4 64. Kg1 Bc6 65. Rc7 Bb5 66. Rb7 Be2
67. Kf2 Bd3 68. Kg1 Bc4 1/2-1/2

[Event "ch-RUS Blitz w 2016"]
[Site "Sochi RUS"]
[Date "2016.10.04"]
[Round "20.6"]
[White "Nebolsina, Vera"]
[Black "Belova, Olga"]
[Result "1-0"]
[WhiteTitle "WGM"]
[BlackTitle "WFM"]
[WhiteElo "2219"]
[BlackElo "2035"]
[WhiteFideId "4163591"]
[BlackFideId "4138422"]
[EventDate "2016.10.04"]

1. Nf3 d5 2. g3 c6 3. Bg2 Bg4 4. d4 Nf6 5. Nbd2 e6 6. O-O Be7 7. h3 Bh5 8. Re1
O-O 9. e4 dxe4 10. Nxe4 Nxe4 11. Rxe4 Bg6 12. Re1 Nd7 13. c3 Nf6 14. Qb3 b6 15.
Ne5 c5 16. Nc6 Qd7 17. Nxe7+ Qxe7 18. Bxa8 Rxa8 19. dxc5 Qxc5 20. Qa4 Qf5 21. h4
Ng4 22. Qf4 Qh5 23. Be3 f6 24. Qd6 e5 25. Qd5+ Bf7 26. Qxa8+ 1-0